[Event "Schachfestival Senioren"]
[Site "Bad Woerishofen"]
[Date "2023.03.08"]
[Round "6.50"]
[White "Eschle, Hubert"]
[Black "Gottwald, Helmut"]
[Result "0-1"]
[WhiteElo "1776"]
[BlackElo "1659"]
[PlyCount "98"]
[EventDate "2023.??.??"]
[WhiteTeam "SC Villingen-Schwenningen"]
[BlackTeam "Keiner"]

1. e4 c5 2. Nf3 d6 3. d4 cxd4 4. Nxd4 Nc6 5. Nc3 Nxd4 6. Qxd4 e5 7. Qd3 Nf6 8. Be2 Be7 9. Bg5 h6 10. Bh4 Be6 11. O-O O-O 12. f4 Rc8 13. Bxf6 Qb6+ 14. Kh1 Bxf6 15. f5 Bc4 16. Qd2 Bg5 17. Qe1 Qxb2 18. Rb1 Qxc2 19. Bd1 Qd2 20. Qxd2 Bxd2 21. Rf3 Bxc3 22. Rxc3 Ba6 23. Rbc1 Rxc3 24. Rxc3 Bb5 25. Rc7 Bc6 26. Bf3 a5 27. Kg1 Rb8 28. Kf2 Be8 29. Bd1 b5 30. Ke3 a4 31. Kd2 Rb6 32. Bc2 Rc6 33. Rb7 Rc4 34. Rb6 Rd4+ 35. Ke3 d5 36. Bd3 dxe4 37. Be2 Rb4 38. Rb8 Kf8 39. a3 Rb2 40. Bf1 Ke7 41. Kxe4 f6 42. Rb7+ Bd7 43. Kd5 Kd8 44. Kd6 Rd2+ 45. Kc5 Kc8 46. Ra7 Kb8 47. Ra6 Kb7 48. Rb6+ Ka7 49. Bxb5 Rc2+ 0-1

[Event "Schachfestival Senioren"]
[Site "Bad Woerishofen"]
[Date "2023.03.08"]
[Round "6.51"]
[White "Mayer, Dietmar"]
[Black "Fuchs, Joachim"]
[Result "1/2-1/2"]
[WhiteElo "1705"]
[BlackElo "1728"]
[PlyCount "130"]
[EventDate "2023.??.??"]
[BlackTeam "SC Starnberg"]

1. d4 d5 2. Nc3 e6 3. Bf4 Bd6 4. e3 a6 5. Nf3 h6 6. Bd3 Nd7 7. O-O Ngf6 8. Re1 O-O 9. Qd2 Bxf4 10. exf4 Re8 11. Ne5 c5 12. Nxd7 Nxd7 13. dxc5 Nxc5 14. Bf1 b5 15. Qd4 Nd7 16. f5 Qf6 17. Rad1 Qxd4 18. Rxd4 Bb7 19. fxe6 fxe6 20. Rd2 Nf6 21. f4 Rac8 22. g3 b4 23. Nd1 Ne4 24. Rde2 a5 25. Nf2 Nxf2 26. Kxf2 Ba6 27. Rd2 Bxf1 28. Kxf1 Kf7 29. Kf2 Rc6 30. Rc1 Rec8 31. Ke3 a4 32. Kd3 Rc4 33. c3 a3 34. b3 Rxc3+ 35. Rxc3 Rxc3+ 36. Ke2 h5 37. Kf2 Kf6 38. Kg2 Kf5 39. Re2 g6 40. Re5+ Kf6 41. Re2 d4 42. Re4 Rd3 43. h3 Rd2+ 44. Kf3 Rxa2 45. Rxd4 Rb2 46. Rxb4 a2 47. Ra4 Rxb3+ 48. Kg2 Rb2+ 49. Kf3 g5 50. fxg5+ Kxg5 51. Ra5+ Kf6 52. g4 Rb3+ 53. Kg2 Rb2+ 54. Kg3 hxg4 55. Kxg4 Rg2+ 56. Kf3 Rh2 57. Kg3 Rd2 58. Kg4 Re2 59. Kf3 Rh2 60. Kg3 Rd2 61. Kg4 e5 62. Ra6+ Ke7 63. Kf3 Rh2 64. Kg3 Rd2 65. Kf3 Rh2 1/2-1/2

[Event "Schachfestival Senioren"]
[Site "Bad Woerishofen"]
[Date "2023.03.08"]
[Round "6.52"]
[White "Koppenhoefer, Heinz"]
[Black "Wacker, Manfred"]
[Result "0-1"]
[WhiteElo "1560"]
[BlackElo "1718"]
[PlyCount "54"]
[EventDate "2023.??.??"]
[WhiteTeam "TSV Solln Schachabteilung"]
[BlackTeam "SC 1997 Lambsheim"]

1. e4 e6 2. Nf3 d5 3. exd5 exd5 4. d4 Bd6 5. Nc3 Ne7 6. g3 c6 7. Bg2 Bf5 8. O-O O-O 9. Nh4 Be6 10. Be3 Re8 11. a3 Nf5 12. Nxf5 Bxf5 13. Qd2 Nd7 14. b3 Nf8 15. Ne2 Ng6 16. c3 Qb6 17. b4 Qc7 18. Rfc1 b5 19. a4 a6 20. a5 Be4 21. Re1 Bxg2 22. Kxg2 Qd7 23. Ng1 Re6 24. Nh3 Rf8 25. Ng5 Re7 26. Nh3 Nh4+ 27. Kg1 Nf3+ 0-1

[Event "Schachfestival Senioren"]
[Site "Bad Woerishofen"]
[Date "2023.03.08"]
[Round "6.53"]
[White "Teubner, Wolfgang"]
[Black "Mitterholzer, Helmuth"]
[Result "1/2-1/2"]
[WhiteElo "1817"]
[BlackElo "1445"]
[PlyCount "74"]
[EventDate "2023.??.??"]
[WhiteTeam "SF Blaustein"]
[BlackTeam "Verbund"]

1. Nf3 d5 2. b3 Bf5 3. Bb2 e6 4. d3 Nf6 5. h3 h6 6. Nbd2 Bd6 7. e3 Nbd7 8. Be2 e5 9. O-O O-O 10. Rc1 c5 11. a3 Qb6 12. e4 Be6 13. exd5 Bxd5 14. Nh2 e4 15. dxe4 Nxe4 16. Nc4 Bxc4 17. Bxc4 Ndf6 18. Bxf6 Nxf6 19. Ng4 Bf4 20. Rb1 Rad8 21. Nxf6+ Qxf6 22. Qf3 b6 23. Bd3 Rfe8 24. Rbe1 Bg5 25. Rxe8+ Rxe8 26. Qxf6 Bxf6 27. Rd1 Bc3 28. Kf1 Re7 29. Be2 Bd4 30. Rd3 g5 31. c3 Bf6 32. g4 Kg7 33. f3 Kg6 34. Rd6 Kg7 35. Rd3 Kg6 36. Bd1 Kg7 37. Bc2 b5 1/2-1/2

[Event "Schachfestival Senioren"]
[Site "Bad Woerishofen"]
[Date "2023.03.08"]
[Round "6.54"]
[White "Hoefer, Frank"]
[Black "Schnell, Franz"]
[Result "0-1"]
[WhiteElo "1425"]
[BlackElo "1701"]
[PlyCount "88"]
[EventDate "2023.??.??"]
[WhiteTeam "TSV Forstenried e.V."]
[BlackTeam "SV Nusplingen"]

1. e4 d5 2. exd5 Nf6 3. c4 c6 4. dxc6 Nxc6 5. Nf3 e5 6. d3 Bb4+ 7. Bd2 Bc5 8. b4 Bxb4 9. Bxb4 Nxb4 10. Qa4+ Nc6 11. Nxe5 Qe7 12. f4 Bd7 13. Qc2 Nxe5 14. fxe5 Qxe5+ 15. Qe2 Qxe2+ 16. Bxe2 O-O-O 17. O-O Rhe8 18. Nc3 Bc6 19. a4 a6 20. a5 Re7 21. Rfe1 Kb8 22. Bf1 Rde8 23. Rxe7 Rxe7 24. d4 Re3 25. Nd1 Re7 26. d5 Bd7 27. Nf2 Bf5 28. Nd3 Re3 29. Nf2 Kc7 30. Rd1 Kd6 31. Rd2 Ra3 32. Rb2 Bc8 33. Rb6+ Kd7 34. Nd3 Rxa5 35. Ne5+ Kc7 36. Rb2 Ra1 37. Nxf7 a5 38. h3 a4 39. Re2 a3 40. Re7+ Kb8 41. Nd6 a2 42. Rf7 Rxf1+ 43. Kh2 a1=Q 44. Rxb7+ Bxb7 0-1

[Event "Schachfestival Senioren"]
[Site "Bad Woerishofen"]
[Date "2023.03.08"]
[Round "6.55"]
[White "Dreisch, Juergen"]
[Black "Walther, Renate"]
[Result "1-0"]
[WhiteElo "1590"]
[BlackElo "1220"]
[PlyCount "45"]
[EventDate "2023.??.??"]
[WhiteTeam "SK Markt Schwaben"]
[BlackTeam "SK 1911 Herzogenaurach e.V."]

1. e4 e5 2. Bc4 Nf6 3. d4 exd4 4. Nf3 Nxe4 5. Qxd4 Qe7 6. O-O Nc6 7. Qd1 Ne5 8. Nxe5 Qxe5 9. Re1 Be7 10. Bd5 f5 11. f3 Bc5+ 12. Be3 Bxe3+ 13. Rxe3 f4 14. Rxe4 Qxe4 15. fxe4 Ke7 16. Qh5 Kd6 17. Nc3 c6 18. Bb3 b5 19. Rd1+ Kc7 20. Qe5+ Kb6 21. a4 h6 22. a5+ Kxa5 23. Qc5 1-0

[Event "Schachfestival Senioren"]
[Site "Bad Woerishofen"]
[Date "2023.03.08"]
[Round "6.56"]
[White "Schlemminger, Degenhard"]
[Black "Richter, Stefan"]
[Result "0-1"]
[WhiteElo "1548"]
[BlackElo "1589"]
[PlyCount "108"]
[EventDate "2023.??.??"]
[WhiteTeam "SV Reutlingen"]
[BlackTeam "Langenberg"]

1. d4 d5 2. Nf3 Nf6 3. Nc3 Nc6 4. Ne5 Bd7 5. Nxd7 Qxd7 6. g3 e6 7. Bg2 Bb4 8. Bd2 Bxc3 9. Bxc3 h5 10. h4 Qd6 11. Qd2 O-O-O 12. a3 e5 13. dxe5 Nxe5 14. Bxe5 Qxe5 15. Rb1 Ne4 16. Qe3 b6 17. O-O Rhe8 18. Bxe4 Qxe4 19. Qxe4 Rxe4 20. e3 d4 21. Rbd1 f6 22. Rfe1 c5 23. Kf1 g5 24. hxg5 fxg5 25. Kg2 Rde8 26. Kf1 dxe3 27. fxe3 Rxe3 28. Rxe3 Rxe3 29. Kf2 Re5 30. Rd6 Kc7 31. Rh6 g4 32. c4 a6 33. a4 Rf5+ 34. Ke2 Rf3 35. Rxh5 Rxg3 36. Rh4 Kc8 37. Rh8+ Kb7 38. Kd2 Rg2+ 39. Kd3 Rg3+ 40. Kd2 Rf3 41. Rh1 g3 42. Rg1 Rf2+ 43. Kc3 g2 44. b3 Kc6 45. Kd3 Kd6 46. Ke4 Ke6 47. Ke3 Rb2 48. Ke4 Kd6 49. Kf5 Rf2+ 50. Ke4 Ke6 51. Ke3 Rb2 52. Ke4 Kf6 53. Kd5 Kg5 54. Kc6 Kh4 0-1

[Event "Schachfestival Senioren"]
[Site "Bad Woerishofen"]
[Date "2023.03.08"]
[Round "6.57"]
[White "Luebbers, Doris"]
[Black "Grandl, Klaus"]
[Result "1/2-1/2"]
[WhiteElo "1498"]
[BlackElo "1546"]
[PlyCount "100"]
[EventDate "2023.??.??"]
[WhiteTeam "SC Steinbach"]

1. d4 d5 2. Nf3 e6 3. e3 Nf6 4. Be2 Be7 5. O-O O-O 6. b3 a6 7. c4 c6 8. Bb2 Ne4 9. Nbd2 f5 10. Ne5 Nd7 11. Nxd7 Bxd7 12. Nf3 Bf6 13. Ne5 Be8 14. f4 Nd6 15. c5 Nf7 16. b4 Bxe5 17. dxe5 Nh6 18. Bc3 Bg6 19. Bh5 Qe8 20. Bxg6 Qxg6 21. Qf3 Nf7 22. Be1 h5 23. Qg3 Kh7 24. Qxg6+ Kxg6 25. Bh4 Kh7 26. Rf3 Rg8 27. Rg3 g6 28. Rd1 a5 29. a3 axb4 30. axb4 Ra4 31. Rb1 Rga8 32. Rf3 Ra3 33. Be1 Ra1 34. Rxa1 Rxa1 35. Rf1 g5 36. Bc3 Rxf1+ 37. Kxf1 g4 38. g3 Nh6 39. Be1 Ng8 40. Kf2 Ne7 41. Bc3 Nc8 42. Bd2 Na7 43. Be1 Nb5 44. Kg2 Na3 45. Kf2 Kg6 46. Bd2 Nc4 47. Be1 b6 48. cxb6 Nxb6 49. Bd2 Nc4 50. Be1 Nb2 1/2-1/2

[Event "Schachfestival Senioren"]
[Site "Bad Woerishofen"]
[Date "2023.03.08"]
[Round "6.58"]
[White "Jovi, Klaus"]
[Black "Schumacher, Ursula"]
[Result "1/2-1/2"]
[WhiteElo "1510"]
[BlackElo "1514"]
[PlyCount "39"]
[EventDate "2023.??.??"]
[WhiteTeam "Ohne Verein"]

1. d4 c6 2. Nf3 d5 3. Bf4 Nd7 4. e3 h6 5. Bd3 e6 6. O-O c5 7. c4 Ne7 8. Nbd2 Ng6 9. Bg3 Be7 10. cxd5 exd5 11. Qc2 Ngf8 12. e4 c4 13. Be2 Nf6 14. exd5 b5 15. b3 Qxd5 16. bxc4 bxc4 17. Bxc4 Qh5 18. Rfe1 Bf5 19. Qb3 Bg6 20. Qb7 1/2-1/2

[Event "Schachfestival Senioren"]
[Site "Bad Woerishofen"]
[Date "2023.03.09"]
[Round "7.1"]
[White "Koehler, Gerhard"]
[Black "Schumacher, Gottfried"]
[Result "1/2-1/2"]
[WhiteElo "2244"]
[BlackElo "2148"]
[PlyCount "183"]
[EventDate "2023.??.??"]
[WhiteTeam "USV Halle/ Saale"]

1. c4 Nf6 2. Nc3 d5 3. cxd5 Nxd5 4. g3 e6 5. Bg2 Be7 6. Nf3 O-O 7. O-O c5 8. d3 Nc6 9. Bd2 b6 10. a3 Bb7 11. Rb1 Qd7 12. b4 Rfd8 13. Qb3 Rac8 14. Rfc1 cxb4 15. Nxd5 Qxd5 16. axb4 Qxb3 17. Rxb3 Bf6 18. Rbb1 Ne7 19. Ne1 Bxg2 20. Nxg2 Nd5 21. Ne3 Nxe3 22. Bxe3 Kf8 23. Kf1 Ke7 24. Ke1 Kd7 25. Kd2 Rxc1 26. Rxc1 Rc8 27. Rc4 a5 28. Rxc8 Kxc8 29. Bxb6 axb4 30. Kc2 h5 31. Bc5 Bc3 32. f3 f5 33. h3 Kd7 34. Kb3 Be1 35. g4 hxg4 36. hxg4 g6 37. Bxb4 Bg3 38. Kc4 Kc6 39. Kd4 Bh2 40. Be7 Bc7 41. Bf6 Bb8 42. Be5 Ba7+ 43. Kc4 Bf2 44. d4 Bg1 45. Bf4 Bf2 46. Kd3 Be1 47. e4 Bf2 48. Be5 Bh4 49. d5+ Kd7 50. Kc4 Bf2 51. Bf4 Bb6 52. d6 Bf2 53. Kd3 Bc5 54. e5 Kc6 55. Ke2 Bb6 56. Bg5 Kd7 57. Kf1 Bd4 58. Bf4 Bb6 59. Kg2 Bd8 60. Bd2 Kc6 61. f4 Kd5 62. Kf3 Bb6 63. Be1 Bd8 64. Bf2 Kc4 65. Ba7 Kd5 66. Kg3 Kc6 67. Bf2 Kd7 68. Kh3 Ba5 69. Bh4 Bc3 70. Bg5 Be1 71. Bh4 Ba5 72. Bf2 Bd8 73. Ba7 Ba5 74. Kg3 Be1+ 75. Kf3 Bd2 76. Bb6 Be1 77. Ke2 Bb4 78. Kf2 Bc3 79. Kg3 Be1+ 80. Bf2 Bd2 81. Bb6 Be1+ 82. Kf3 Bd2 83. Bf2 Ba5 84. Kg3 Bd2 85. Ba7 Be1+ 86. Kf3 Ba5 87. Kf2 Bb4 88. Be3 Ba5 89. Kg3 Be1+ 90. Kh3 Kc6 91. Kg2 Ba5 92. gxf5 1/2-1/2

[Event "Schachfestival Senioren"]
[Site "Bad Woerishofen"]
[Date "2023.03.09"]
[Round "7.2"]
[White "Schatz, Christian"]
[Black "Geyer, Bernhard"]
[Result "1/2-1/2"]
[WhiteElo "2127"]
[BlackElo "2145"]
[PlyCount "180"]
[EventDate "2023.??.??"]
[WhiteTeam "SC Postbauer-Heng e.V"]
[BlackTeam "SK Frankenthal"]

1. Nf3 d5 2. d4 Nf6 3. c4 e6 4. Nc3 Be7 5. Bg5 Nbd7 6. e3 h6 7. Bh4 c6 8. cxd5 exd5 9. Bd3 O-O 10. O-O Re8 11. Qc2 Ne4 12. Bxe7 Qxe7 13. Bxe4 dxe4 14. Nd2 f5 15. Rae1 Nf6 16. f3 exf3 17. Nxf3 Ng4 18. e4 f4 19. Nd1 Be6 20. h3 Nf6 21. Nc3 Bc4 22. Rf2 Rad8 23. Ne2 Qb4 24. b3 Ba6 25. Nxf4 Rxd4 26. a3 Qb6 27. Nxd4 Qxd4 28. Qd2 Qe5 29. Nd3 Qe7 30. e5 Nh7 31. Nb4 Bb5 32. a4 a5 33. axb5 axb4 34. bxc6 bxc6 35. Rfe2 Rd8 36. Qe3 c5 37. Rd2 Rc8 38. Qe4 Kh8 39. Qd3 Qh4 40. Qe4 Qg5 41. Qe3 Qe7 42. Rd5 Ng5 43. e6 Rc6 44. Re5 c4 45. h4 Nh7 46. Qe4 Rc8 47. bxc4 Nf6 48. Qe2 Qa7+ 49. Kh1 Qd4 50. e7 Qxh4+ 51. Kg1 Re8 52. Re4 Nxe4 53. Qxe4 Qxe4 54. Rxe4 Kg8 55. c5 Kf7 56. Rxb4 Rxe7 57. c6 Kf6 58. Rb7 Re8 59. Rd7 Re2 60. c7 Rc2 61. Kh2 h5 62. Kg3 g6 63. Rh7 Kg5 64. Rd7 Rc3+ 65. Kf2 h4 66. Rh7 Kg4 67. Rd7 Rc2+ 68. Kg1 g5 69. Rd4+ Kf5 70. Rd5+ Kf4 71. Rd4+ Ke3 72. Rd7 g4 73. Rh7 Kf4 74. Kh2 h3 75. Rf7+ Kg5 76. c8=Q Rxc8 77. gxh3 Rc2+ 78. Kg3 Rc3+ 79. Kg2 Rxh3 80. Rg7+ Kf5 81. Rf7+ Kg6 82. Rb7 Rf3 83. Rb5 Rf5 84. Rxf5 Kxf5 85. Kg3 Kg5 86. Kg2 Kf4 87. Kf2 g3+ 88. Kg2 Kg4 89. Kg1 Kf3 90. Kf1 g2+ 1/2-1/2

[Event "Schachfestival Senioren"]
[Site "Bad Woerishofen"]
[Date "2023.03.09"]
[Round "7.3"]
[White "Baum, Bernd"]
[Black "Kroell, Johannes"]
[Result "0-1"]
[WhiteElo "2272"]
[BlackElo "2127"]
[PlyCount "102"]
[EventDate "2023.??.??"]
[WhiteTeam "SK Marburg 1931/72"]
[BlackTeam "Reutte"]

1. Nf3 g6 2. e4 Bg7 3. d4 d6 4. Bc4 e6 5. Bb3 Ne7 6. O-O O-O 7. Re1 b6 8. Nbd2 Nd7 9. Nf1 h6 10. Ng3 Bb7 11. c3 c5 12. h4 Qc7 13. Bf4 e5 14. Be3 Kh7 15. h5 Nf6 16. Bc2 Rad8 17. dxe5 dxe5 18. Qe2 Bc8 19. Nh2 Be6 20. a4 Nc6 21. Red1 Qc8 22. hxg6+ fxg6 23. f3 Na5 24. Rxd8 Rxd8 25. Rd1 Bf8 26. Nhf1 c4 27. Rxd8 Qxd8 28. Qd2 Qc7 29. Kh1 Nb3 30. Qf2 Qc6 31. Bxb3 cxb3 32. a5 bxa5 33. Bxa7 a4 34. Nd2 a3 35. bxa3 Qxc3 36. Nb1 Qc1+ 37. Qg1 Bxa3 38. Qxc1 Bxc1 39. Ne2 b2 40. Kg1 Nh5 41. Nec3 Nf4 42. Bb8 Be3+ 43. Kh2 Bd4 44. Bd6 Nd3 45. Nd5 Kg7 46. g3 Bd7 47. Ndc3 Bxc3 48. Nxc3 Ba4 49. f4 exf4 50. gxf4 Bc2 51. Kg3 b1=Q 0-1

[Event "Schachfestival Senioren"]
[Site "Bad Woerishofen"]
[Date "2023.03.09"]
[Round "7.4"]
[White "Bhend, Edwin"]
[Black "Krueger, Erich"]
[Result "1/2-1/2"]
[WhiteElo "2125"]
[BlackElo "2176"]
[PlyCount "46"]
[EventDate "2023.??.??"]
[WhiteTeam "Truemmerfeld"]
[BlackTeam "SF Essen-Katernberg 04/32 e. V."]

{[%mdl 32768][%evp 0,46,19,31,14,5,20,2,10,12,43,7,1,1,15,15,29,29,26,-7,-2,2,5,-15,31,-58,-44,-67,-45,-90,-49,-113,-88,-88,-72,-27,-14,-12,35,-3,39,39,39,39,34,34,41,49,43]} 1. d4 Nf6 2. Nc3 d5 3. Bg5 Nbd7 4. e3 g6 5. f4 Bg7 6. Nf3 O-O 7. Bd3 c5 8. O-O b6 9. Qe1 h6 10. Bh4 Bb7 11. Rd1 Ne4 12. Nb1 Ndf6 13. c3 Qc8 14. h3 Ba6 15. Qe2 Bxd3 16. Qxd3 c4 17. Qc2 b5 18. Nbd2 Nd6 19. Rde1 a5 20. Bxf6 Bxf6 21. e4 dxe4 22. Nxe4 Nxe4 23. Qxe4 e6 1/2-1/2

[Event "Schachfestival Senioren"]
[Site "Bad Woerishofen"]
[Date "2023.03.09"]
[Round "7.5"]
[White "Daeubler, Heinrich"]
[Black "Mueller, Erich"]
[Result "1/2-1/2"]
[WhiteElo "2145"]
[BlackElo "2024"]
[PlyCount "27"]
[EventDate "2023.??.??"]
[WhiteTeam "SF Haselmuehl/Amberg"]
[BlackTeam "SK 1962 Ladenburg"]

1. g3 Nf6 2. Bg2 d5 3. Nf3 g6 4. d4 Bg7 5. c4 c6 6. O-O O-O 7. cxd5 cxd5 8. Nc3 Nc6 9. Ne5 Qb6 10. Na4 Qd8 11. Nxc6 bxc6 12. Nc5 Nd7 13. Nxd7 Bxd7 14. Bg5 1/2-1/2

[Event "Schachfestival Senioren"]
[Site "Bad Woerishofen"]
[Date "2023.03.09"]
[Round "7.6"]
[White "Kierzek, Matthias"]
[Black "Witte, Ronald"]
[Result "1-0"]
[WhiteElo "2177"]
[BlackElo "2009"]
[PlyCount "129"]
[EventDate "2023.??.??"]
[WhiteTeam "SC Fulda"]
[BlackTeam "BSV 63 Chemie Weissensee"]

1. d4 Nf6 2. c4 e6 3. Nf3 d5 4. Nc3 Be7 5. Bf4 O-O 6. e3 Nbd7 7. Be2 c5 8. cxd5 Nxd5 9. Nxd5 exd5 10. O-O cxd4 11. Nxd4 Nc5 12. Rc1 Ne6 13. Be5 Bf6 14. Bxf6 Qxf6 15. Qa4 Nxd4 16. Qxd4 Qxd4 17. exd4 Be6 18. Rc7 Rab8 19. Rfc1 Rfc8 20. f4 Rxc7 21. Rxc7 g6 22. Bb5 Kg7 23. Bd7 Kf6 24. g4 Bxd7 25. Rxd7 Ke6 26. Rc7 h5 27. h3 hxg4 28. hxg4 a5 29. Kf2 b5 30. Ke3 a4 31. Rc6+ Kd7 32. Rc5 Kd6 33. f5 gxf5 34. gxf5 Re8+ 35. Kd3 Rb8 36. Kc2 b4 37. Ra5 b3+ 38. axb3 Rxb3 39. Ra6+ Ke7 40. f6+ Kd7 41. Rxa4 Rb6 42. Ra5 Ke6 43. Kc3 Rc6+ 44. Rc5 Rd6 45. b4 Kxf6 46. b5 Kf5 47. Kb4 Ke4 48. Rc6 Rd8 49. Kc5 f5 50. b6 f4 51. b7 Rb8 52. Rc7 f3 53. Rf7 f2 54. Rxf2 Rxb7 55. Re2+ Kd3 56. Rh2 Ra7 57. Rh3+ Ke4 58. Rh4+ Kd3 59. Kxd5 Rd7+ 60. Kc5 Rc7+ 61. Kd6 Rc4 62. Kd5 Ra4 63. Rh3+ Ke2 64. Ke5 Ra8 65. d5 1-0

[Event "Schachfestival Senioren"]
[Site "Bad Woerishofen"]
[Date "2023.03.09"]
[Round "7.7"]
[White "Kierzek, Mira"]
[Black "Luciani, Carlo"]
[Result "0-1"]
[WhiteElo "1989"]
[BlackElo "2194"]
[PlyCount "90"]
[EventDate "2023.??.??"]
[WhiteTeam "SC Fulda"]

1. c4 Nf6 2. Nc3 g6 3. g3 Bg7 4. Bg2 O-O 5. d4 d6 6. Nf3 Nc6 7. O-O Bf5 8. d5 Na5 9. Nd2 c5 10. e4 Bd7 11. Qc2 a6 12. b3 Rb8 13. Bb2 b5 14. Rab1 e5 15. Ne2 Qc8 16. Qc3 Nb7 17. Qd3 Ng4 18. f3 Nh6 19. f4 f5 20. Ba1 Qc7 21. Rbd1 Rbe8 22. Rde1 Nd8 23. fxe5 dxe5 24. exf5 gxf5 25. d6 Qb6 26. cxb5 c4+ 27. Bd4 cxd3 28. Bxb6 dxe2 29. Rxe2 Bxb5 30. Bd5+ Kh8 31. Nc4 Ne6 32. Rfe1 e4 33. Rd1 Bd7 34. Na5 Nf7 35. Bc6 Ne5 36. Bd5 Nd3 37. Nc6 Bxc6 38. Bxc6 Bd4+ 39. Bxd4+ Nxd4 40. Bxe8 Nxe2+ 41. Kf1 Nxg3+ 42. hxg3 Rxe8 43. Ke2 Kg7 44. Ke3 Rd8 45. g4 f4+ 0-1

[Event "Schachfestival Senioren"]
[Site "Bad Woerishofen"]
[Date "2023.03.09"]
[Round "7.8"]
[White "Babar, Michael"]
[Black "Remensberger, Paul"]
[Result "1/2-1/2"]
[WhiteElo "2143"]
[BlackElo "1977"]
[PlyCount "82"]
[EventDate "2023.??.??"]
[WhiteTeam "SC Hansa Dortmund e. V."]
[BlackTeam "Herrliberg"]

1. d4 d5 2. g3 Nf6 3. Bg2 e6 4. Nf3 Be7 5. O-O O-O 6. Nbd2 b6 7. Ne5 Bb7 8. b3 Nbd7 9. Bb2 Rc8 10. c4 c5 11. cxd5 Bxd5 12. Bxd5 Nxd5 13. Ndf3 cxd4 14. Qxd4 Nxe5 15. Nxe5 Nf6 16. Qxd8 Rfxd8 17. Rac1 Kf8 18. Nc6 Rd7 19. Nxe7 Rxc1 20. Rxc1 Kxe7 21. Rc8 Kd6 22. Bxf6 gxf6 23. Rh8 Ke7 24. Rxh7 Rd2 25. a4 Rxe2 26. Rh4 a5 27. b4 axb4 28. Rxb4 Ra2 29. h4 Kf8 30. Kg2 f5 31. Kf3 Kg7 32. Ke3 Kg6 33. g4 Ra3+ 34. Ke2 fxg4 35. Rxg4+ Kf5 36. Rb4 f6 37. Kf1 e5 38. Kg2 Ra2 39. Kg3 Ra3+ 40. Kg2 Ra2 41. Kg3 Ra3+ 1/2-1/2

[Event "Schachfestival Senioren"]
[Site "Bad Woerishofen"]
[Date "2023.03.09"]
[Round "7.9"]
[White "Remensberger, Hansuli"]
[Black "Stern, Geoffrey"]
[Result "1/2-1/2"]
[WhiteElo "2103"]
[BlackElo "1980"]
[PlyCount "117"]
[EventDate "2023.??.??"]
[WhiteTeam "Chessflyers"]
[BlackTeam "Gambit Bonnevoie"]

1. c4 e6 2. Nf3 d5 3. e3 Nf6 4. Nc3 Be7 5. b3 O-O 6. Bb2 c5 7. cxd5 Nxd5 8. Nxd5 exd5 9. d4 cxd4 10. Qxd4 Bf6 11. Qd2 Nc6 12. Be2 Be6 13. O-O Rc8 14. Rac1 Qe7 15. Rfd1 Rfd8 16. h3 h6 17. Bb5 Rc7 18. Bxf6 Qxf6 19. Bxc6 bxc6 20. Qd4 Qe7 21. b4 Rb8 22. Rc5 f6 23. a3 Qd6 24. Rdc1 Rb5 25. Qc3 Rxc5 26. Qxc5 Qxc5 27. Rxc5 Rc8 28. Kf1 Kf7 29. Ke2 Ke7 30. Kd3 Kd6 31. Kd4 g5 32. Ra5 Rc7 33. Rc5 Bc8 34. Nd2 Ba6 35. e4 dxe4 36. Nxe4+ Ke7 37. Ng3 Ke6 38. Ke4 Kf7 39. Kf3 Bb5 40. Nf5 Rd7 41. Rc3 h5 42. Ne3 h4 43. g3 hxg3 44. fxg3 Kg6 45. g4 Rd3 46. Rxd3 Bxd3 47. Nd1 f5 48. Nf2 Bf1 49. Ke3 Kf6 50. Kd4 Bg2 51. gxf5 Kxf5 52. Ke3 Ke5 53. Ng4+ Kd5 54. Nf6+ Kc4 55. Nh7 Kb3 56. Kd4 Bxh3 57. Nxg5 Kxa3 58. Kc5 Bg2 59. Ne6 1/2-1/2

[Event "Schachfestival Senioren"]
[Site "Bad Woerishofen"]
[Date "2023.03.09"]
[Round "7.10"]
[White "Rubke, Manfred"]
[Black "Wagner, Franz"]
[Result "1-0"]
[WhiteElo "2093"]
[BlackElo "1954"]
[PlyCount "67"]
[EventDate "2023.??.??"]
[WhiteTeam "SAbt TSV Haunstetten"]
[BlackTeam "Ichenhausen"]

1. c4 e5 2. g3 c6 3. Bg2 d5 4. cxd5 cxd5 5. d4 e4 6. Nc3 Bb4 7. Bd2 Nf6 8. Nh3 Nc6 9. e3 O-O 10. Nf4 Re8 11. O-O Bxc3 12. Bxc3 b6 13. Rc1 Bd7 14. b4 a5 15. a3 axb4 16. axb4 Ne7 17. Qe2 Ba4 18. Rb1 Rc8 19. Rfc1 b5 20. h4 Ng6 21. Nh3 h5 22. Qb2 Qd6 23. Be1 Ng4 24. Rc5 Nf6 25. Qc3 Ne7 26. Nf4 Nd7 27. Bh3 Nxc5 28. dxc5 Qh6 29. Bxc8 Rxc8 30. Qe5 Qf6 31. Qxf6 gxf6 32. Nxh5 Rc6 33. Bc3 f5 34. Nf6+ 1-0

[Event "Schachfestival Senioren"]
[Site "Bad Woerishofen"]
[Date "2023.03.09"]
[Round "7.11"]
[White "Larem, Ewald"]
[Black "Schinnerl, Werner"]
[Result "0-1"]
[WhiteElo "2070"]
[BlackElo "1944"]
[PlyCount "48"]
[EventDate "2023.??.??"]
[WhiteTeam "SC Rotenburg"]
[BlackTeam "SC Reutte"]

1. d4 e6 2. c4 b6 3. Nc3 Bb4 4. Qc2 f5 5. a3 Bxc3+ 6. Qxc3 Nf6 7. f3 O-O 8. g3 Bb7 9. Bg2 d6 10. Nh3 Nbd7 11. O-O Qe8 12. b4 c5 13. Nf2 Qg6 14. Qd3 e5 15. dxc5 dxc5 16. e4 fxe4 17. fxe4 Rad8 18. Qd6 Qf7 19. Bh3 Rfe8 20. Qd3 Nb8 21. Qc2 Rd4 22. Bb2 Qxc4 23. Qa4 Rd6 24. bxc5 Qxa4 0-1

[Event "Schachfestival Senioren"]
[Site "Bad Woerishofen"]
[Date "2023.03.09"]
[Round "7.12"]
[White "Neumann, Joachim"]
[Black "Kievelitz, Bernd"]
[Result "1-0"]
[WhiteElo "2026"]
[BlackElo "1854"]
[PlyCount "87"]
[EventDate "2023.??.??"]
[WhiteTeam "Agon Neumuenster"]
[BlackTeam "Zitadelle Spandau"]

1. Nf3 Nf6 2. g3 b6 3. Bg2 Bb7 4. c4 e6 5. Nc3 Be7 6. O-O O-O 7. d4 Ne4 8. Qc2 Nxc3 9. Qxc3 f5 10. b3 Bf6 11. Bb2 c5 12. Qd2 cxd4 13. Bxd4 Bxd4 14. Qxd4 Qe7 15. Rad1 Rd8 16. Qd6 Nc6 17. Qxe7 Nxe7 18. Rd6 Nc8 19. Rd2 d5 20. Ng5 Re8 21. cxd5 exd5 22. Bxd5+ Bxd5 23. Rxd5 h6 24. Nf3 Ne7 25. Rd2 Nc6 26. Rc1 Nb4 27. a3 Na6 28. b4 Rad8 29. Rxd8 Rxd8 30. Rc3 Kh7 31. e3 Rd7 32. Nd4 g6 33. Nb5 Nb8 34. Rc8 a6 35. Rxb8 axb5 36. Rxb6 Rd5 37. Rb7+ Kg8 38. h4 h5 39. Kg2 Rd3 40. Rxb5 Rxa3 41. Rb7 Rb3 42. Kf3 Rb2 43. b5 Rb4 44. b6 1-0

[Event "Schachfestival Senioren"]
[Site "Bad Woerishofen"]
[Date "2023.03.09"]
[Round "7.13"]
[White "Nordby, Bernt"]
[Black "Stern, Robert"]
[Result "1/2-1/2"]
[WhiteElo "2001"]
[BlackElo "1877"]
[PlyCount "35"]
[EventDate "2023.??.??"]
[WhiteTeam "Fredrikstad Schakselskap"]
[BlackTeam "Pimlico"]

1. d4 d5 2. c4 dxc4 3. Nf3 Nf6 4. e3 Bg4 5. Bxc4 e6 6. O-O a6 7. Be2 Bd6 8. Nbd2 Nbd7 9. b3 O-O 10. Bb2 c5 11. Nc4 Be7 12. Nfe5 Bxe2 13. Qxe2 Nxe5 14. Nxe5 cxd4 15. Bxd4 Rc8 16. Rfd1 Qa5 17. Nc4 Qd5 18. Rac1 1/2-1/2

[Event "Schachfestival Senioren"]
[Site "Bad Woerishofen"]
[Date "2023.03.09"]
[Round "7.14"]
[White "Harsch, Martin"]
[Black "Rueberg, Jobst"]
[Result "1/2-1/2"]
[WhiteElo "1888"]
[BlackElo "2090"]
[PlyCount "36"]
[EventDate "2023.??.??"]
[WhiteTeam "Saanenland"]
[BlackTeam "SV Ahlen 1954 e. V."]

1. e4 c5 2. Nf3 a6 3. c3 e6 4. d4 d5 5. exd5 Qxd5 6. Be3 cxd4 7. cxd4 Nf6 8. Nc3 Bb4 9. Be2 Nc6 10. O-O Qa5 11. Qb3 O-O 12. a3 Bxc3 13. bxc3 Qc7 14. c4 h6 15. Rac1 Ne7 16. Ne5 Nf5 17. Bf3 Nxe3 18. fxe3 Rb8 1/2-1/2